Busiest passenger airports of the US on a map - Statistics

General Stats
  • This quiz has been taken 22 times
  • The average score is 67 of 230
Answers on the Map
Answers color-coded by a green-red scale on the quiz's map according to % correct below.
 
Answer Stats
IATA code State Enplanements Answer % Correct
ORD IL 80 043k Chicago O’hare
72%
JFK NY 30 620k John F. Kennedy
72%
LAX CA 36 676k Los Angeles
72%
MIA FL 17 500k Miami
72%
SFO CA 24 191k San Francisco
72%
BOI ID 1 943k Boise
67%
DEN CO 28 641k Denver
67%
FAI AK 450k Fairbanks
67%
JNU AK 306k Juneau
67%
PHL PA 15 082k Philadelphia
67%
PDX OK 8 123k Portland
67%
PWM ME 1 062k Portland
67%
TPA FL 8 847k Tampa
67%
ALB NY 1 440k Albany
61%
BWI MD 11 151k Baltimore / Washington
61%
MCO FL 19 618k Orlando
61%
RNO NV 2 251k Reno / Tahoe
61%
ABQ NM 2 647k Albuquerque
56%
CHS SC 2 192k Charleston
56%
DFW TX 30 005k Dallas Fort Worth
56%
DSM IA 1 347k Des Moines
56%
DLH MN 136k Duluth
56%
ELP TX 1 438k El Paso
56%
FLL FL 13 598k Fort Lauderdale–Hollywood
56%
BNA TN 8 017k Nashville
56%
PIT PA 4 827k Pittsburgh
56%
SMF CA 6 371k Sacramento
56%
BIS ND 257k Bismarck
50%
BZN MT 670k Bozeman - Yellowstone
50%
CVG KY 4 269k Cincinnati / Northern Kentucky
50%
COS CO 941k City of Colorado Springs
50%
CAE SD 5 666k Columbia
50%
COU MO 120k Columbia
50%
ROC NY 1 281k Frederick Douglass/Greater Rochester
50%
MDT PA 715k Harrisburg
50%
HLM MT 115k Helena
50%
IND IN 4 655k Indianapolis
50%
JAX FL 2 425k Jacksonville
50%
MCI MO 5 790k Kansas City
50%
EYW FL 741k Key West
50%
LGA NY 18 058k LaGuardia
50%
LNK NE 150k Lincoln
50%
MEM TN 2 213k Memphis
50%
MSP MN 18 361k Minneapolis - St paul
50%
MOB AL 236k Mobile
50%
OAK CA 5 520k Oakland San Francisco Bay
50%
OKC OK 2 094k OKC Will Rogers
50%
RIC VA 2 048k Richmond
50%
SLC UT 10 795k Salt Lake City
50%
SAN CA 12 190k San Diego
50%
GEG WA 2 002k Spokane
50%
TUL OK 1 482k Tulsa
50%
ILM NC 655k Wilmington
50%
ILG CN 133k Wilmington
50%
AGS GA 300k Augusta
44%
BTR LA 390k Baton Rouge
44%
DTW MI 13 841k Detroit Metro Wayne
44%
MYR SC 1 254k Myrtle Beach
44%
PNS FL 1 168k Pensacola
44%
RDU NC 7 118k Raleigh Durham
44%
RAP SD 303k Rapid City
44%
SAT TX 3 677k San Antonio
44%
SJC CA 5 958k San Jose
44%
FSD SD 529k Sioux Falls
44%
TLH FL 319k Tallahassee
44%
TUS AZ 1323k Tucson
44%
ACY NJ 568k Atlantic City
39%
BRO TX 167k Brownsville / South Padre Island
39%
CHA TN 504k Chattanooga
39%
FWA IN 372k Fort Wayne
39%
GNV FL 200k Gainesville
39%
GJT CO 252k Grand Junction
39%
LAS NV 27 896k Harry Reid
39%
ITO GA 599k Hilo
39%
IDA ID 161k Idaho Falls
39%
DAY OH 858k James M. Cox Dayton
39%
MGM AL 129k Montgomery
39%
ORF VA 1 846k Norfolk
39%
AMA TX 303k Rick Husband Amarillo
39%
RST MN 182k Rochester
39%
DCA VA 11 366k Ronald Reagan Washington
39%
SEA WA 24 594k Seattle - Tacoma
39%
SHV LA 291k Shreveport
39%
SGU UT 153k St. George
39%
AVL NC 1 125k Asheville
33%
ASE CO 248k Aspen / Pitkin County
33%
BUF NY 2 523k Buffalo Niagara
33%
MDW IL 21 513k Chicago Midway
33%
CRP TX 285k Corpus Christi
33%
IAD VA 11 621k Dulles
33%
EVV IN 228k Evansville
33%
FAY NC 167k Fayetteville
33%
GTF MT 176k Great Falls
33%
HSV AL 459k Huntsville
33%
JAC WY 497k Jackson Hole
33%
LFT LA 223k Lafayette
33%
LRD TX 108k Laredo
33%
ISP NY 811k Long Island MacArthur
33%
MAF TX 504k Midland
33%
EWR NJ 22 797k Newark Liberty
33%
PHX AZ 18 940k Phoenix Sky Harbor
33%
SBA CA 638k Santa Barbara
33%
SAV GA 1 356k Savannah - Hilton Head
33%
SBN IN 366k South Bend
33%
AVP PA 219k Wikes Barre / Scranton
33%
BGR ME 336k Bangor
28%
CLT NC 25 896k Charlotte Douglas
28%
DAL TX 6 487k Dallas Love Field
28%
IAH TX 16 242k George Bush
28%
BUR CA 3 132k Hollywood Burbank
28%
LIH GA 1 644k Lihue
28%
LGB CA 1 837k Long Beach
28%
MSY LA 6 582k Louis Armstrong New Orleans
28%
MOT ND 146k Minot
28%
MRY CA 259k Monterey
28%
PHF VA 195k Newport News/Williamsburg
28%
ONT CA 3 181k Ontario
28%
PSP CA 1 625k Palm Springs
28%
PIA IL 687k Peoria
28%
PVU UT 118k Provo
28%
SAF NM 115k Santa Fe
28%
YUM AZ 110k Yuma
28%
AEX LA 141k Alexandria
22%
ATW WI 540k Appleton
22%
BLI WA 311k Bellingham
22%
RFD IL 132k Chicago Rockford
22%
HNL GA 10 017k Daniel K. Inouye
22%
DAB FL 275k Daytona Beach
22%
VPS FL 973k Destin - Fort Walton Beach
22%
KOA GA 1 829k Ellison Onizuka Kona
22%
GSP SC 1 133k Greenville - Spartanburg
22%
ATL GA 51 865k Hartsfield–Jackson Atlanta
22%
SNA CA 5 706k John Wayne
22%
OGG GA 3 571k Kahului
22%
MLB FL 176k Melbourne Orlando
22%
ACK MA 126k Nantucket Memorial
22%
IAG NY 119k Niagara Falls
22%
SRQ FL 1 574k Sarasota-Bradenton
22%
STL MO 7 631k St Louis Lambert
22%
PSC WA 438k Tri-Cities
22%
TRI TN 200k Tri-Cities
22%
HOU TX 5 560k William P. Hobby
22%
LIT AK 827k Bill and Hillary Clinton
17%
DRO CO 200k Durango - La plata county
17%
EGE CO 201k Eagle County
17%
GRR MI 1 895k Gerald R. Ford
17%
GPT MS 359k Gulfport - Biloxi
17%
MTJ CO 188k Montrose
17%
SFB FL 1 174k Orlando Sanford
17%
PBI FL 2 567k Palm Beach
17%
SPN Northern Mariana Islands 595k Saipan
17%
SBP CA 324k San Luis Obispo County
17%
RSW FL 5 080k Southwest Florida
17%
SCE PA 130k State College
17%
PIE FL 1 021k St Pete - Clearwater
17%
TTN NJ 404k Trenton - Mercer
17%
HPN NY 789k Westchester County
17%
CAK OH 449k Akron - Canton
11%
AUS TX 6 666k Austin - Bergstrom
11%
BIL MT 440k Billings Logan
11%
BHM AL 1081k Birmingham - Shuttlesworth
11%
FNT MI 281k Bishop
11%
BDL CN 3 285k Bradley
11%
STS CA 318k Charles M Schulz-Sonoma County
11%
TVC MI 347k Cherry Capital
11%
CLE OH 4 701k Cleveland Hopkins
11%
MSN WI 1 156k Dane County
11%
ELM NY 141k Elmira / Corning
11%
OMA NE 2 454k Eppley
11%
FCA MT 307k Glacier Park
11%
GRB WI 338k Green Bay–Austin Straubel
11%
CMH OH 3 976k John Glenn Columbus
11%
KTN AK 117k Ketchikan
11%
ABE PA 445k Lehigh Valley
11%
MHT NV 911k Manchester - Boston
11%
BLV IL 152k MidAmerica St Louis
11%
MKE WI 3 104k Milwaukee Mitchell
11%
MSO MT 425k Missoula Montana
11%
XNA AK 598k Northwest Arkansas
11%
PAE WA 306k Paine field
11%
GSO NC 903k Piedmont Triad
11%
PGD FL 783k Punta Gorda
11%
MLI IL 537k Quad Cities
11%
SGF MO 523k Springfield - Branson
11%
SYR NY 1 139k Syracuse Hancock
11%
ANC AK 2184k Ted Stevens Anchorage
11%
GUM Guam 1 736k Antonio B. Won Pat
6%
BET AK 105k Bethel
6%
LEX KY 657k Blue Grass
6%
LAN MI 102k Capital Region
6%
BMI IL 329k Central Illinois
6%
CHO VA 352k Charlottesville - Albemarle
6%
STT US Virgin islands 417k Cyril E. King
6%
CID IA 602k Eastern Iowa
6%
FAT CA 1 201k Fresno Yosemite
6%
BOS MA 20 006k General Edward Lawrence Logan
6%
FAR ND 516k Hector
6%
STX US Virgin islands 212k Henry E. Rohlsen
6%
JAN MS 489k Jackson–Medgar Wiley Evers
6%
SDF KY 1 877k Louisville Muhammad Ali
6%
LBB TX 405k Lubbock Preston Smith
6%
SJU PR 6 490k Luis Muñoz Marin
6%
EUG OK 841k Mahlon Sweet Field
6%
MFE TX 477k McAllen Miller
6%
TYS TN 1 069k McGhee Tyson
6%
BFL CA 174k Meadows Field
6%
AZA AZ 795k Mesa Gateway
6%
MLU LA 107k Monroe
6%
SWF NY 354k New york Stewart
6%
ECP FL 794k Northwest Florida Beaches
6%
BTV VT 658k Patrick Leahy Burlington
6%
BQN PR 360k Rafael Hernandez
6%
PVE RI 2 117k Rhode Island T.F. Green
6%
LCK OH 154k Rickenbacker
6%
ROA VA 330k Roanoke - Blacksburg
6%
RDM OK 558k Roberts Field
6%
MFR OK 478k Rogue Valley
6%
HVN CN 589k Tweed - New Haven
6%
HRL TX 355k Valley
6%
ICT IA 812k Wichita Dwight D. Eisenhower
6%
CRW WV 194k Yeager
6%
OAJ NC 133k Albert J. Ellis
0%
ACV CA 117k California Redwood Coast - Humboldt County
0%
USA NC 119k Concord - Padgett
0%
TOL OH 123k Eugene F. Kranz Toledo
0%
FLG AZ 115k Flagstaff Pulliam
0%
GRK TX 142k Kileen
0%
PSE PR 137k Mercedita
0%
PBG NY 119k Platssburgh
0%
HDN CO 150k Yampa Valley
0%
No matching quizzes found
Score Distribution
Percent of People with Each Score
Percentile by Number Answered
Your Score History
You have not taken this quiz